00498ntaaa2200169 45000030003000000050017000030080021000200400037000410820017000781000020000952450048001152500010001632600046001733000015002195000077002346500017003110120251027202605.00714s1973 ag 01  aAR-BaBNbspacAR-BaBNeaacrdRIC a321.4000 M26 aMaddick, Henry  aDemocracy, decentralization and development a1 ed. aBombay : bAsia Publishing House, cc1963 axii, 305 p aEl funcionamiento de los gobiernos en el desarrollo social y económico asociología